| 000 | 00813nam a2200193Ia 4500 | ||
|---|---|---|---|
| 008 | 130821s1896 ck gr spa | ||
| 040 |
_aCo-BoUCM _bspa |
||
| 041 | 0 | 0 | _aspa |
| 110 | 1 |
_aColombia. _bMinisterio de Relaciones Exteriores |
|
| 245 | 1 | 0 |
_aInforme del Ministro de relaciones Exteriores al Congreso de 1896 _cMinisterio de Relaciones Exteriores, Jorge Holguín |
| 260 |
_aBogotá (Colombia) _bImprenta Nacional _c1896 |
||
| 300 | _a70 páginas | ||
| 651 | 7 |
_aColombia _bMinisterio de Relaciones Exteriores _vInformes _y1896 _926606 |
|
| 651 | 7 |
_aColombia _bRelaciones internacionales _y1896 _926606 |
|
| 651 | 7 |
_aColombia _xAdministración pública _vInformes _y1896 _926606 |
|
| 700 | 1 |
_aHolguín, Jorge _d1848-1928 |
|
| 942 |
_cLIBRO _a6 _e1 _mC718 _2DEWEY _h351.0006 |
||
| 999 |
_c62282 _d62282 |
||